| 000 | 01037nam a22002895a 4500 | ||
|---|---|---|---|
| 003 | OSt | ||
| 005 | 20201124141924.0 | ||
| 008 | 180227s1985 ua grb 000 0 ara d | ||
| 017 | _a85 / 7520 | ||
| 020 | _a9770215279 | ||
| 040 |
_aEG-ScBUE _bara _cEG-ScBUE |
||
| 041 | 1 |
_aara _heng |
|
| 082 | 0 | 4 |
_a160 _bر ي ش _222 |
| 100 | 1 | _aريشر، نيقولا. | |
| 240 | 1 | 4 |
_aThe development of Arabic logic. _lArabic |
| 245 | 1 | 0 |
_aتطور المنطق العربي / _cنيقولا ريشر ؛ ترجمة ودراسة وتعليق محمد مهران. |
| 250 | _aط. 1. | ||
| 260 |
_aالقاهرة : _bدار المعارف، _c1985. |
||
| 300 |
_a574 ص. ؛ _c24 سم. |
||
| 504 | _aيشتمل على إرجاعات ببليوجرافية. | ||
| 546 | _aالنص باللغة العربية ؛ مترجم من اللغة الإنجليزية. | ||
| 650 | 7 |
_aالمنطق عند العرب. _2BUEsh |
|
| 650 | 7 |
_aالمنطق الإسلامي. _2BUEsh |
|
| 651 | _2BUEsh | ||
| 653 |
_bARALIT _bGGEN _cFebruary2018 |
||
| 942 | _2ddc | ||
| 999 |
_c26184 _d26156 |
||